000
00254nam a22001217a 4500
040
_c
HS
082
_a
551
100
_a
GRANT GROSS
245
_a
Oceanography a view of the earth
260
_a
New Jersey
_b
GRANT GROSS
_c
NA
300
_a
581p;
942
_c
EK
999
_c
9853
_d
9853